000 00917nam a2200301 4500
001 BS2023000123
003 BR-BrBNA
005 20230629141423.0
008 230627b2010 bl.||||| |||| 00| 0 por d
020 _a978-85-7684-477-8
040 _aBR-BrBNA
_bpor.
041 _apor.
072 _aE11
100 _4aut.
_aArgov, Sherry
100 _4Trad.
_aBan, Ana
100 _4Trad.
_aAzeredo, Patrícia
245 _aPor que os homens se casam com mulheres poderosas /
_cSherry Argov; Ana Ban; Patrícia Azeredo.
250 _a13. ed.
260 _aRio de Janeiro - RJ :
_bBestSeller,
_c2010
300 _a271 p.
500 _aTítulo original norte-americano: Why men marry bitches: a woman's guide to winning her' man's heart.
650 _aAUTO-AJUDA
650 _aAUTO-ESTIMA
650 _aRELAÇÕES HOMEM-MULHER
909 _a202306
_bMaria Neves
942 _cBK
999 _c9478
_d9478